00281nam a2200097Ia 4500008004000000082001700040100001800057245005500075260004100130300001200171210210b1972 xxu||||| |||| 00| 0 eng d a303.484 NARS aNARAIN (V A). aSocial history of modern India nineteenth century. aMeerut.bMeenakshi Prakashan.,c1972 avii,206